| 000 | 00372pab a2200145 454500 | ||
|---|---|---|---|
| 008 | 180718b2017 xxu||||| |||| 00| 0 eng d | ||
| 100 | _aKrstic, Aleksandra | ||
| 245 | _aCapitalizing on human misery in occupied territories | ||
| 260 | _c2017 | ||
| 300 | _ap.57-58. | ||
| 362 | _aFeb | ||
| 650 | _aHuman rights violations | ||
| 773 | _aThird Concept | ||
| 909 | _a114017 | ||
| 999 |
_c114011 _d114011 |
||